000 00428nam a2200133Ia 4500
008 100328s9999 xx 000 0 und d
082 _b55866
100 _aनायक बळवंत
245 _aचंदनाची काया माझी
260 _bज्ञानेश
630 _aचंदनाची काया माझी
730 _aचंदनाची काया माझी
942 _cBOOK
999 _c542482
_d542479